Hide and Seek - Countries #7 - Statistics

General Stats
  • This quiz has been taken 22 times
  • The average score is 8 of 14
Answer Stats
Answer % Correct
Brazil
94%
Colombia
67%
Democratic Republic of the Congo
67%
Ecuador
67%
Republic of the Congo
67%
Kenya
61%
Somalia
61%
Indonesia
56%
They all lie on the equator.
44%
Gabon
39%
Kiribati
39%
Uganda
39%
São Tomé and Princípe
33%
Maldives
28%
No matching quizzes found
Score Distribution
Percent of People with Each Score
Percentile by Number Answered
Your Score History
You have not taken this quiz